000 00443nam a2200157 i 4500
001 20893
003 ES-MaACL
005 20230906152401.0
007 t|
008 021119s1910 sp ||||1| spa d
100 1 _aAlarcón, Mariano.
_919132
245 1 3 _aEl narrador de parábolas
_b: novela trágica representable /
_cMariano Alarcón.
260 _aMadrid :
_bJ. Blass,
_c1910.
300 _a368 p. ;
_c19 cm.
852 _aES-MaACL
_jF-9737
999 _c20893
_d20893